| 000 | 01095nam a2200253Ia 4500 | ||
|---|---|---|---|
| 999 |
_c54461 _d54461 |
||
| 001 | 21523 | ||
| 003 | GE_BSU | ||
| 005 | 20211129153934.0 | ||
| 008 | 181216s1961||||ge |||||||||||||| ||geo|| | ||
| 040 | _cGE_BSU | ||
| 041 | _ageo | ||
| 080 | _a811.353.1-8(075.8) კ-44 | ||
| 100 |
_aკვაჭაძე, ლ. (ლეო) _913103 |
||
| 245 |
_aქართული ენა ნაწ. 1 : ლექსიკა, ფონეტიკა, გრაფიკა და მორფოლოგია მართლწერის საკითხებითურთ : _bსახელმძღვანელო / _cლ. (ლეო) კვაჭაძე. |
||
| 264 |
_aთბილისი : _bცოდნა, _c1961. |
||
| 300 |
_a327 გვ. ; _c24 სმ. |
||
| 541 | _h5 ლ. | ||
| 653 | _aქართული ენა | ||
| 653 | _aლექსიკა | ||
| 653 | _aფონეტიკა | ||
| 653 | _a გრაფიკა | ||
| 653 | _aმორფოლოგია მართლწერის საკითხებითურთ | ||
| 942 |
_cBK _2udc |
||